Skupinové zloženie asfaltov. Stanovenie reprodukovateľnosti separácie

Uložené v:
Podrobná bibliografia
Hlavný autor: Čeppan, Martin
Médium: Program Kniha
Jazyk:Slovak
Vydavateľské údaje: Bratislava STU FCHPT 2007
On-line prístup:View in OPAC
Tagy: Pridať tag
Žiadne tagy, Buďte prvý, kto otaguje tento záznam!

MARC

LEADER 00000nam a2200000 a 4500
005 20260127134026.0
007 co ugu
008 060607 2006 xo 000 0 slo d
035 |a vtls009084638 
039 9 |y 200708021049  |z mschk03 
040 |a STUSCHK1  |b slo  |c STUSCHK1  |e AACR2 
100 1 |a Čeppan, Martin 
245 1 |a Skupinové zloženie asfaltov. Stanovenie reprodukovateľnosti separácie  |c Martin Čeppan 
260 |a Bratislava  |b STU FCHPT  |c 2007 
500 |a Obháj.: 4.6. 2007 
500 |a Špec.: Technológia ropy a petrochémia 
500 |a Ústav organickej chémie, katalýzy a petrochémie 
500 |a Diplomová práca na CD-ROMe 
910 |a SCHK95 
999 |c 2316  |d 2316